The Orgalime turnkey contract for industrial works - an alternative to FIDIC's Silver Book? (Record no. 117147)
[ view plain ]
| 000 -LEADER | |
|---|---|
| fixed length control field | 01398cam a2200265 4500 |
| 001 - CONTROL NUMBER | |
| control field | X125665 |
| 008 - FIXED-LENGTH DATA ELEMENTS--GENERAL INFORMATION | |
| fixed length control field | 040330n2004 000 0 eng u |
| 035 ## - SYSTEM CONTROL NUMBER | |
| System control number | (Sirsi) u125665 |
| 100 ## - MAIN ENTRY--PERSONAL NAME | |
| Personal name | Henchie, N. |
| 245 #4 - TITLE STATEMENT | |
| Title | The Orgalime turnkey contract for industrial works - an alternative to FIDIC's Silver Book? |
| 260 ## - PUBLICATION, DISTRIBUTION, ETC. | |
| Date of publication, distribution, etc. | 2004 |
| 490 ## - SERIES STATEMENT | |
| Series statement | International Construction Law Review |
| Volume/sequential designation | 21(1) January 2004, 67-82(16) |
| 520 ## - SUMMARY, ETC. | |
| Summary, etc. | Reviews the Orgalime "Turnkey contract for industrial works", which was introduced in March 2003. This is the latest in a series of contracts which can be used as an alternative to FIDIC's "Conditions of contract for EPC turnkey contracts" known as ther Silver Book. It aims to provide a fairer allocation of risk between the parties. Provides a summary of its key contractual terms. Examines when it should be used, its variations, extentions of time, limitation of liability and force majeure. Key comparisons are in the form of a table. Concludes it will be preferred by contractors to the Silver Book. |
| 590 ## - LOCAL NOTE (RLIN) | |
| Local note | ABS |
| 590 ## - LOCAL NOTE (RLIN) | |
| Local note | ABS |
| 650 ## - SUBJECT ADDED ENTRY--TOPICAL TERM | |
| Topical term or geographic name entry element | TURNKEY CONTRACTS |
| 650 ## - SUBJECT ADDED ENTRY--TOPICAL TERM | |
| Topical term or geographic name entry element | SILVER BOOK |
| 650 ## - SUBJECT ADDED ENTRY--TOPICAL TERM | |
| Topical term or geographic name entry element | RISK ALLOCATION |
| 650 ## - SUBJECT ADDED ENTRY--TOPICAL TERM | |
| Topical term or geographic name entry element | EXTENSIONS OF TIME |
| 650 ## - SUBJECT ADDED ENTRY--TOPICAL TERM | |
| Topical term or geographic name entry element | LIMITATION OF LIABILITY |
| 650 ## - SUBJECT ADDED ENTRY--TOPICAL TERM | |
| Topical term or geographic name entry element | FORCE MAJEURE |
| 650 ## - SUBJECT ADDED ENTRY--TOPICAL TERM | |
| Topical term or geographic name entry element | ORGALIME TURNKEY CONTRACT FOR INDUSTRIAL WORKS |
| 690 ## - LOCAL SUBJECT ADDED ENTRY--TOPICAL TERM (OCLC, RLIN) | |
| Topical term or geographic name as entry element | BUILDING AND CONSTRUCTION-CONTRACTS |
| 942 ## - ADDED ENTRY ELEMENTS (KOHA) | |
| Suppress in OPAC | 0 |
| Withdrawn status | Lost status | Source of classification or shelving scheme | Damaged status | Not for loan | Home library | Current library | Shelving location | Date acquired | Total Checkouts | Full call number | Barcode | Date last seen | Copy number | Price effective from | Koha item type |
|---|---|---|---|---|---|---|---|---|---|---|---|---|---|---|---|
| Dewey Decimal Classification | London | London | Journal article | 30/03/2004 | X125665 | 125665-1001 | 06/08/2019 | 1 | 06/08/2019 | Journal article |